Statistics for best football starting XI's Europe 2023

Click here to take the quiz!

General Stats

  • This quiz has been taken 380 times
  • The average score is 73 of 110

Answer Stats

ssui% Correct
sederson
98%
swalker
95%
shaaland
93%
salisson
92%
sde bruyne
90%
sdias
90%
sfoden
89%
srodri
89%
ssalah
89%
strent alexander arnold
87%
svan dijk
86%
sneuer
85%
srobertson
85%
snunez
84%
ssaka
83%
sjesus
82%
skim
82%
ssilva
82%
scancelo
81%
sramsdale
81%
shenderson
79%
skimmich
79%
slewandowski
79%
ster stegen
79%
sbenzema
78%
scourtois
78%
sdonnarumma
78%
smahrez
78%
smbappe
78%
smessi
78%
sodegaard
78%
ssane
77%
sdavies
76%
sfabinho
76%
skonate
76%
skroos
76%
smartinelli
76%
smodric
76%
smuller
76%
sneymar jr
76%
svinicius
76%
scarvajal
75%
sgavi
75%
spedri
75%
smane
74%
ssaliba
74%
slaporte
73%
smilitao
73%
srodrygo
73%
supamecano
73%
salaba
71%
sdiaz
71%
sgabriel
71%
shakimi
71%
sthiago
71%
szinchenko
71%
sgoretzka
70%
smarquinhos
70%
smartinez
70%
sverratti
70%
spavard
69%
srudiger
68%
saraujo
67%
sde ligt
67%
shernandez
67%
sgakpo
66%
sonana
66%
spartey
66%
sxhaka
66%
salba
65%
sbarella
65%
sdembele
65%
sgiroud
64%
sleao
64%
smaignan
64%
svalverde
64%
sde jong
63%
smusiala
63%
sosimhen
63%
sramos
63%
skounde
61%
smendes
59%
sbastoni
58%
sskriniar
56%
sdumfries
54%
sdzeko
54%
stomiyasu
54%
stomori
54%
sde vrij
53%
sfati
52%
stonali
51%
smario rui
47%
svitinha
44%
skvaratskhelia
43%
sbrozovic
42%
sdi lorenzo
42%
sdimarco
42%
scalabria
41%
scalhanoglu
41%
smeret
40%
szielinski
40%
ssoler
37%
sbennacer
36%
skalulu
36%
sgarcia
34%
slozano
34%
szambo anguissa
34%
slobotka
31%
sRrahmani
16%
sde ketelaere
6%

Score Distribution

Percentile by Number Answered

Percent of People with Each Score

Your Score History

You have not taken this quiz